Movies Quiz

Random Movies or Oscar Quiz

Same Movie & Category Actor Oscar Nominees Quiz Stats

 Plays Quiz not verified by Sporcle

Also try: 5-Star Actors II
Challenge
Share
Tweet
Embed
Score 0/26 Timer 05:00
0 Plays Today
% Correct
Al Pacino
90.6%
Jon Voight
88.9%
Willem Dafoe
88.3%
Robert De Niro
87.1%
Tom Hulce
86%
Burt Lancaster
78.9%
Jeff Bridges
76.6%
Gene Hackman
74.9%
Clark Gable
73.7%
Judd Hirsch
71.9%
John Lithgow
71.3%
Jackie Gleason
70.2%
Sidney Poitier
69.6%
% Correct
William Holden
68.4%
Rod Steiger
68.4%
Rock Hudson
67.3%
Barry Fitzgerald
67.3%
Laurence Olivier
63.7%
Peter O'Toole
61.4%
Ben Kingsley
60.8%
Tom Courtenay
58.5%
Claude Rains
57.9%
Peter Ustinov
56.7%
Jack Palance
56.1%
Russ Tamblyn
50.9%
Maximilian Schell
45%

You're not logged in!

Compare scores with friends on all Sporcle quizzes.
OR
Log In

You Might Also Like...

Show Comments

Extras

Top Quizzes Today


Score Distribution

Your Account Isn't Verified!

In order to create a playlist on Sporcle, you need to verify the email address you used during registration. Go to your Sporcle Settings to finish the process.

Report this User

Report this user for behavior that violates our Community Guidelines.

Details: